| 000 | 00749nam a22001935i 4500 | ||
|---|---|---|---|
| 001 | 161414 | ||
| 003 | ES-MaACL | ||
| 005 | 20230906212259.0 | ||
| 008 | 020419s1851 sp |||| | spa d | ||
| 040 |
_aNA _bspa _cNA |
||
| 100 | 1 |
_aPardo Pimentel, Nicolás. _9130833 |
|
| 245 | 1 | 3 |
_aLa opera italiana ó Manual del filarmónico _b: que comprende un resumen histórico de la creación del drama lírico moderno ... y un diccionario abreviado del dilettante ... / _cescrito por Nicolas Pardo Pimentel. |
| 260 |
_aMadrid : _b[s.n.], _c1851 ( _fpor Aguado) |
||
| 300 |
_a112 p. ; _c20 cm. |
||
| 650 | 4 |
_aÓpera- _xHistoria. _915712 |
|
| 740 | 0 | _aManual del filarmónico. | |
| 752 |
_aEspaña - _dMadrid |
||
| 852 |
_aES-MaACL _jG-9588 _z-- Enc. hol. |
||
| 999 |
_c161414 _d161414 |
||